Uncertainty in artificial intelligence 4 /

Gespeichert in:
Bibliographische Detailangaben
Weitere Verfasser: Shachter, R.D (Zusammenstellung)
Format: Buch
Sprache:Englisch
Veröffentlicht: Amsterdam : North-Holland, 1990
Schriftenreihe:Machine Intelligence and Pattern Recognition Vol.9
Tags: Tag hinzufügen
Keine Tags, Fügen Sie das erste Tag hinzu!

MARC

LEADER 00000nam a22000003a 4500
001 stu162
005 20150617225704.0
008 910402s1990----ne------------------eng-d
020 |a 0-444-88650-8 
040 |a STU  |b slo 
041 0 |a eng 
044 |a ne 
080 |a 681.322.03 
080 |a 519.7/.8 
100 1 |a Shachter, R.D.  |4 com 
245 1 |a Uncertainty in artificial intelligence 4 /  |c Edit.: Shachter,R.D. and o 
260 |a Amsterdam :  |b North-Holland,  |c 1990 
300 |a 422 s 
830 0 |a Machine Intelligence and Pattern Recognition  |v Vol.9 
996 |c I*13UI4501  |l II680  |s A  |a 24  |w stu162_0001